000 00432nam a2200157Ia 4500
003 GCL
008 140319s9999 xx 000 0 ara d
040 _aGCL /
_cGCL
082 0 4 _aد
_b050
100 1 _aمحمود امين
245 1 0 _aالبترول العربى فى المعركة (اقرا 296 ) /
_cمحمود امين
300 _a120
490 _aاقرأ
_v0
650 0 4 _aالبترول العربى
942 _2ddc
_cBK
999 _c48725
_d48725